000 00562nam a22001817a 4500
005 20251108165011.0
008 250721s1994 xx 000 0 ara d
082 1 4 _a956.06/عبد
100 1 _aالطاهر، عبد الباري
245 1 0 _aفرسان الخلافة في العصر العباسي الأول /
264 1 _aالقاهرة :
_bدار رياض الصالحين،
_c1994.
300 _a303ص
650 1 7 _aالعباسيون 750-1258
650 1 7 _aتاريخ العرب
650 1 7 _aالتراجم
942 _2ddc
_cBK
999 _c19523
_d19523